00859nam a2200193 a 450000100100000000500170001000800410002704000250006810000300009324501160012326001010023930000290034050000330036970000320040271001000043404900090053495201050054399900170064800002754020200930030916.0110401s1979 dr ab 000 0 spa d aDO-SdBNPbspacBNPHU1 aJennings, Penelope95463010aRecursos energéticos de bosques secos en la República Dominicana /cPenelope Jennings, Benito A. Ferreiras. aSantiago de los Caballeros , República Dominicana :bInstituto Superior de Agricultura,c1979. a119 p. :bil. ;c28 dcm. aBibliografía : p. 118- 1191 aFerreiras, Benito A.9196072 aCentro de Investigaciones Económicas y AlimenticiasbInstituto Superior de Agricultura954631 aBNPD 0010718PDaPDbPDcCTd2011-04-01iLF1l0o p27540-10r2020-06-25w2020-06-25yLFPDZNo se presta c27032d27032